| 000 | 01268nam a2200325Ia 4500 | ||
|---|---|---|---|
| 001 | ebr10546569 | ||
| 003 | CaPaEBR | ||
| 006 | m u | ||
| 007 | cr cn||||||||| | ||
| 008 | 111206s2012 enka sb 001 0 eng d | ||
| 010 | _z 2011046018 | ||
| 020 | _z9781405196208 | ||
| 020 | _z9781444361063 | ||
| 040 |
_aCaPaEBR _cCaPaEBR |
||
| 035 | _a(OCoLC)782918758 | ||
| 050 | 1 | 4 |
_aGB601 _b.F35 2012eb |
| 082 | 0 | 4 |
_a551.44/7 _223 |
| 100 | 1 |
_aFairchild, Ian J. _q(Ian John) |
|
| 245 | 1 | 0 |
_aSpeleothem science _h[electronic resource] : _bfrom process to past environments / _cIan J. Fairchild and Andy Baker. |
| 260 |
_aChichester, West Sussex ; _aHoboken, N.J. : _bWiley-Blackwell, _c2012. |
||
| 300 |
_axiv, 432, [16] p. : _bill. |
||
| 504 | _aIncludes bibliographical references and index. | ||
| 533 |
_aElectronic reproduction. _bPalo Alto, Calif. : _cebrary, _d2011. _nAvailable via World Wide Web. _nAccess may be limited to ebrary affiliated libraries. |
||
| 650 | 0 | _aSpeleothems. | |
| 650 | 0 | _aPaleoclimatology. | |
| 655 | 7 |
_aElectronic books. _2local |
|
| 700 | 1 |
_aBaker, Andy, _d1968- |
|
| 710 | 2 | _aebrary, Inc. | |
| 856 | 4 | 0 |
_uhttp://site.ebrary.com/lib/rucke/Doc?id=10546569 _zAn electronic book accessible through the World Wide Web; click to view |
| 999 |
_c247343 _d247343 |
||